Preventive maint of elect equip (Record no. 253899)
[ view plain ]
| 000 -LEADER | |
|---|---|
| fixed length control field | 00220 a2200097 4500 |
| 001 - CONTROL NUMBER | |
| control field | 18826 |
| 090 ## - LOCALLY ASSIGNED LC-TYPE CALL NUMBER (OCLC); LOCAL CALL NUMBER (RLIN) | |
| -- | 13946 |
| -- | 13946 |
| 100 ## - MAIN ENTRY--PERSONAL NAME | |
| Personal name | Hubert, C i |
| 245 ## - TITLE STATEMENT | |
| Title | Preventive maint of elect equip |
| 260 ## - PUBLICATION, DISTRIBUTION, ETC. | |
| Place of publication, distribution, etc. | |
| Name of publisher, distributor, etc. | MC GRAW HILL |
| Date of publication, distribution, etc. | 1969 |
| 942 ## - ADDED ENTRY ELEMENTS (KOHA) | |
| Institution code [OBSOLETE] | NUST-CAE |
| Koha item type | |
| -- | |
| Withdrawn status | Lost status | Damaged status | Not for loan | Collection code | Permanent Location | Current Location | Date acquired | Total Checkouts | Barcode | Date last seen | Price effective from | Koha item type |
|---|---|---|---|---|---|---|---|---|---|---|---|---|
| College of Aeronautical Engineering (CAE) | College of Aeronautical Engineering (CAE) | 04/03/2017 | CAE13722 | 04/05/2017 | 04/05/2017 | Book |
